| 000 | 00779nam a22001817a 4500 | ||
|---|---|---|---|
| 003 | OSt | ||
| 005 | 20251215141213.0 | ||
| 008 | 251215b |||||||| |||| 00| 0 eng d | ||
| 040 | _cDCL | ||
| 082 | _a၂၉၄.၃၈၂၄၇ | ||
| 100 | 0 | _aကျော်ထွတ်၊ ဦး၊ ဆရာ- | |
| 245 | 0 | 0 |
_aမဉ္ဇူသကပဋ္ဌာန်း / _cဆရာဦးကျော်ထွတ်။ |
| 260 |
_aရန်ကုန် ၊ _bသာသနာရေးဦးစီး၊ _c၁၉၈၄။ |
||
| 300 |
_a၄၀၀ စာမျက်နှာ ၊ _c၂၀ စင်တီ။ |
||
| 504 | _aကျမ်းကိုးစာရင်းပါဝင်သည်။ | ||
| 650 | _aပဋ္ဌာန်း။ | ||
| 942 |
_2ddc _cSHORT TERM _n0 |
||
| 999 |
_c2712 _d2712 |
||